000 01347nam a2200373 i 4500
001 8278
003 KOSZ 005
005 20221227131821.0
008 170701s1953 pl a f 001 0 pol
040 _aWA N
_cKOSZ 005/RW
_dKOSZ 005/RW
_dKOSZ 005/HR
046 _k1953
080 _a711
080 _a332.1
100 1 _aOstrowski, Wacław
_d(1907-1990).
_eAutor.
245 1 0 _aLokalizacja i planowanie terenów przemysłowych /
_cWacław Ostrowski.
260 _aWarszawa :
_bPaństwowe Wydawnictwa Techniczne,
_c1953.
300 _a468 s. :
_bil. ;
_c25 cm.
336 _2rdacontent
_aTekst
_btxt
337 _2rdamedia
_aBez urządzenia pośredniczącego
_bn
338 _2rdacarrier
_aWolumin
_bnc
380 _aKsiążki
385 _aUrbaniści
385 _aProjektanci
388 _a1901-
504 _aBibliogr. s. [459]-465. Indeks.
521 8 _aKsiążka przeznaczona dla urbanistów a także dla projektantów i inwestorów przemysłowych.
650 4 _aPlanowanie terenowe
658 _aGospodarka, ekonomia, finanse
650 4 _aPlanowanie przestrzenne
650 4 _aGospodarka regionalna
710 2 _aPaństwowe Wydawnictwa Techniczne
_4pbl.
856 _uhttp://koha.tu.koszalin.pl/cgi-bin/koha/opac-detail.pl?biblionumber=8278
_yKatalog online BPK
942 _2UKD
_cKS
999 _c8278
_d8278